000 00203nam a2200085Ia 4500
008 180219s9999 xx 000 0 und d
100 _aBansal Harish
245 0 _aTeacher Traning Concepts
260 _a"New Delhi
260 _c Ansari"
999 _c41223
_d41223